000 00661nam a22002177a 4500
003 UA-OsUOA
001 56194
007 ta
008 20081008b un ||||| |||| 00| 0 ukr d
100 _aДолінський Л.Б.
090 _a330(477)
_bД64
942 _cSA
040 _aUA-OsUOA
_bukr
_cUA-OsUOA
_dUA-OsUOA
245 _aТеоретичне підгрунтя інвестиційної оцінки цінних паперів в Україні
300 _aС.87-96
955 _a0
041 _aukr
080 _a330(477)
773 0 _w56188
_tФінанси України
_dК.
_d2008
_g5
650 7 _a330 Економіка взагалі
_2UDC
999 _c342254
_d342254